Top European Countries By Change In Urbanization Rate - Statistics

General Stats
  • This quiz has been taken 9 times
  • The average score is 10 of 11
Answer Stats
Urbanization Rate Change From 2020-2025 Answer % Correct
0.67 France
100%
0.74 Iceland
100%
1.15 Ireland
100%
1.32 Norway
100%
0.89 Sweden
100%
0.8 United Kingdom
100%
0.68 Austria
89%
1.69 Finland
89%
0.79 Switzerland
89%
1.43 Luxembourg
67%
1.29 Albania
56%
No matching quizzes found
Score Distribution
Percent of People with Each Score
Percentile by Number Answered
Your Score History
You have not taken this quiz